|
|
|
|
| LEADER |
00000nam0a2200000 4500 |
| 001 |
338215 |
| 005 |
20231102005027.0 |
| 035 |
|
|
|a (RuTPU)RU\TPU\book\364704
|
| 090 |
|
|
|a 338215
|
| 100 |
|
|
|a 20171121d1938 k y0rusy50 ca
|
| 101 |
0 |
|
|a rus
|a eng
|
| 102 |
|
|
|a RU
|
| 105 |
|
|
|a a z 001zy
|
| 200 |
1 |
|
|a Спектры абсорбции гетерополярных кристаллов и энергия кристаллической решетки
|f Л. М. Шамовский
|g Всесоюзный научно-исследовательский институт минерального сырья (ВИМС)
|
| 210 |
|
|
|a Ленинград
|c ГОНТИ
|d 1938
|
| 215 |
|
|
|a 52 с.
|c ил.
|
| 225 |
1 |
|
|a Труды Всесоюзного научно-исследовательского института минерального сырья
|v Вып. 130
|
| 320 |
|
|
|a Библиогр.: с. 49-50
|
| 606 |
1 |
|
|a Кристаллы ионные
|x (кристаллохимия)
|2 stltpush
|3 (RuTPU)RU\TPU\subj\80306
|9 88031
|
| 610 |
1 |
|
|a оптические свойства
|
| 610 |
1 |
|
|a энергетика
|
| 610 |
1 |
|
|a фотохимические процессы
|
| 610 |
1 |
|
|a минеральные вещества
|
| 610 |
1 |
|
|a термические свойства
|
| 610 |
1 |
|
|a библиотека М. А. Усова
|
| 610 |
1 |
|
|a гетерополярные кристаллы
|
| 675 |
|
|
|a 548.312
|v 4
|
| 700 |
|
1 |
|a Шамовский
|b Л. М.
|g Лев Матвеевич
|
| 712 |
0 |
2 |
|a Всесоюзный научно-исследовательский институт минерального сырья (ВИМС)
|c (Москва)
|c (1935-1991)
|2 stltpush
|3 (RuTPU)RU\TPU\col\18352
|
| 801 |
|
1 |
|a RU
|b 63413507
|c 20171121
|
| 801 |
|
2 |
|a RU
|b 63413507
|c 20200821
|g RCR
|
| 942 |
|
|
|c BK
|